000 00319nam a2200157Ia 4500
100 _aHaykin/Simon
650 _aCommunication
250 _a4
942 _cBK
245 _aCommunication system
260 _bWiley India
_c2001
082 _a621.382
_bHAY
300 _a816
546 _aENGLISH
_cTTL
999 _c20319
_d20319